000 00652nam a2200229Ia 4500
005 20241129104128.0
008 241129s9999||||xx |||||||||||||| ||und||
020 _a9781780460956
037 _aTextual
040 _aRTL
_beng
_cRTL
041 _aeng
_2eng
084 _aU25 R1
_qRTL
100 _aThomas David N.; Bowers David G.
_9724898
245 0 _aIntroducing oceanography
_cThomas David N.; Bowers David G.
250 _a2nd
260 _aLondon
_bDunedin Academic Press Ltd
_c2021
300 _a191p.
365 _aINR
_b1227.84
650 _aPolitical Economy
_9433908
942 _cTB
_hU25 R1
999 _c1224543
_d1224543